Statistiche per Stati per confine terrestre

Clicka qui per fare il quiz!

Statistiche generali

  • Questo quiz è stato fatto 42 volte
  • Il punteggio medio è 16 su 20

Statistiche sulle risposte

Confini totali (km)ContinenteStato% Corretto
14 691America del SudBrasile
100%
22 117AsiaCina
100%
20 017Asia / EuropaRussia
100%
9 665America del SudArgentina
97%
8 893America del NordCanada
97%
14 103AsiaIndia
97%
12 012Asia / EuropaKazakistan
97%
12 034America del NordStati Uniti
97%
6 343AfricaAlgeria
84%
6 171America del SudCile
84%
8 220AsiaMongolia
84%
6 004America del SudColombia
81%
5 968AfricaCiad
75%
6 764AfricaSudan
72%
6 743America del SudBolivia
69%
7 243AfricaMali
66%
6 774AsiaPakistan
63%
10 730AfricaRepubblica Democratica del Congo
53%
6 221AsiaUzbekistan
53%
5 876AsiaBirmania
34%

Distribuzione punteggi

Percentile per numero di risposta

Percentuale di utenti per punteggio

I tuoi punteggi nel tempo

Non hai fatto questo quiz